• AIU
  • Tony Wilmot Memorial Library

The nationalist movement in sudan (Record no. 64038)

MARC details
000 -LEADER
fixed length control field 00245nam a2200097 4500
082 0# - DEWEY DECIMAL CLASSIFICATION NUMBER
Classification number 966
245 10 - TITLE STATEMENT
Title The nationalist movement in sudan
260 ## - PUBLICATION, DISTRIBUTION, ETC. (IMPRINT)
Place of publication, distribution, etc Khartoum
Name of publisher, distributor, etc Institute of African and Asian Studies
Date of publication, distribution, etc c.1989
300 ## - PHYSICAL DESCRIPTION
Extent 438 p.
942 ## - ADDED ENTRY ELEMENTS (KOHA)
Source of classification or shelving scheme
Koha item type Books

No items available.